South Eastern Kenya University

Library Online Public Access Catalogue


Fundamentals of physical volcanology / (Record no. 16684)

MARC details
000 -LEADER
fixed length control field 00688cam a2200229 a 4500
003 - CONTROL NUMBER IDENTIFIER
control field OSt
005 - DATE AND TIME OF LATEST TRANSACTION
control field 20180518114922.0
008 - FIXED-LENGTH DATA ELEMENTS--GENERAL INFORMATION
fixed length control field 070917s2008 mauab b 001 0 eng
020 ## - INTERNATIONAL STANDARD BOOK NUMBER
International Standard Book Number 9780632054435 (pbk. : alk. paper)
040 ## - CATALOGING SOURCE
Original cataloging agency SEKU
050 00 - LIBRARY OF CONGRESS CALL NUMBER
Classification number QE 522
Item number .P3
100 1# - MAIN ENTRY--PERSONAL NAME
Personal name Parfitt, Elisabeth A.
245 10 - TITLE STATEMENT
Title Fundamentals of physical volcanology /
Statement of responsibility, etc. Elisabeth A. Parfitt and Lionel Wilson.
260 ## - PUBLICATION, DISTRIBUTION, ETC. (IMPRINT)
Place of publication, distribution, etc. Malden, MA :
Name of publisher, distributor, etc. Blackwell Pub.,
Date of publication, distribution, etc. 2008.
300 ## - PHYSICAL DESCRIPTION
Extent xi, 230 p. :
Other physical details ill. ;
504 ## - BIBLIOGRAPHY, ETC. NOTE
Bibliography, etc Includes bibliographical references and index.
650 #0 - SUBJECT ADDED ENTRY--TOPICAL TERM
Topical term or geographic name as entry element Volcanism.
650 #0 - SUBJECT ADDED ENTRY--TOPICAL TERM
Topical term or geographic name as entry element Volcanoes.
700 1# - ADDED ENTRY--PERSONAL NAME
Personal name Wilson, Lionel,
856 42 - ELECTRONIC LOCATION AND ACCESS
Materials specified Publisher description
942 ## - ADDED ENTRY ELEMENTS (KOHA)
Source of classification or shelving scheme Library of Congress Classification
Koha item type General circulation
Holdings
Withdrawn status Lost status Source of classification or shelving scheme Damaged status Not for loan Home library Current library Shelving location Date acquired Source of acquisition Total Checkouts Full call number Barcode Date last seen Price effective from Koha item type
    Library of Congress Classification     Main Campus Library Main Campus Library General Stacks 18/05/2018 donation -book Aid   QE 522 .P3 2018/020265 18/05/2018 18/05/2018 General circulation
Kitui, Kenya.
+254736116989
library@seku.ac.ke